| 000 | 00332cam a22001217a 4500 | ||
|---|---|---|---|
| 008 | 180718b1956 xxu||||| |||| 00| 0 eng d | ||
| 082 | _aPx42 P341 | ||
| 100 | _aPedley, Robin | ||
| 245 |
_aComprehensive education: a new appraoch _cby Robin Pedley |
||
| 260 |
_aLondon _bVictor Gollancz _c1956 |
||
| 300 | _a203p. | ||
| 650 | _aEducation | ||
| 999 |
_c430297 _d430297 |
||